000 00430nam a2200157Ia 4500
008 210716s2012 xx 000 0 und d
020 _a9780415472289
041 _aeng
082 _a658.3124 THOC
100 _aThornton, Christine.
245 _aGroup and team coaching: the essential guide.
_bEssential guide.
250 _a1
260 _aNew York
_bRoutledge
_c2012
300 _axii,273
650 _aTraining & Development
999 _c207466
_d207466